000 01032nji a22002657a 4500
005 20100918123457.0
006 a|||||r|||||00| 0
007 sd ammalaaahaa
008 100830t xxu||||| |||| 00| 0 eng d
028 _a2393 952
_bMUSIC INDIA
035 _aGR-03548
040 _aSED
_cSED
100 _917455
_aJalota, Anup
245 _aA live concert- Anup Jalota /
_cmusic by Anup Jaltoa
_h[sound recording] :
246 _aए लाइव कॉन्सर्ट- अनूप जलोटा /
260 _aDum Dum, India
_bMUSIC INDIA
_c1984
300 _a1 sound disc [Gramophone Recording]:
_banalog, 33 1/3 rpm
_c12.5 in. (LP)
_fGramophone Record
500 _aBrief Record
500 _aRecord labels : MUSIC INDIA, White
505 _aSide-1 (Woh dil hi kya) (Anup Jalota) Side-2 (Chaman se kaun chala) (Anup Jalota)
600 _aJalota, Anup
_920359
650 _aGhazals
_zIndia
_91186
_xExcerpts
942 _2ddc
_cGR
999 _c46753
_d46753